000 00395nam a2200169Ia 4500
005 20250423094449.0
008 250422s9999 xx 000 0 und d
020 _a9789785195236
050 _aPR 6029 .R8 .A77/
100 _aOrwell, George
245 0 _aAnimal farm
260 _aIbadan
260 _bKaysho Educational Publisher Ltd.
260 _c2014
300 _a270 p
942 _cBK
999 _c27317
_d27317